000 00255nam a2200109Ia 4500
008 190914s9999||||xx |||||||||||||| ||und||
100 _aJohn Steele Gordon
245 3 _aAn Empire of Wealth
260 _aIndia
_bOxford
_c2007
300 _a240
942 _cBK
999 _c10055
_d10055